000 00695cam a2200193 i 4500
005 20251215100657.0
008 250721s2005 le gr 000 0 ara d
082 1 4 _a216.91
_bق م و
100 1 _aالقمودي، سالم
_eمؤلف.
245 1 2 _aالإسلام والدولة بين الوصل والفصل :
_bالمضمون والآلية /
_cسالم القمودي.
250 _aالطبعة الأولى.
264 3 1 _aبيروت :
_bمؤسسة الإنتشار العربي،
_c2005.
300 _a224 صفحة.
650 1 7 _aالإسلام.
650 1 7 _aالدولة.
650 1 7 _aالأحكام السلطانية.
942 _2ddc
_cBK
999 _c232746
_d232746